Agroecología (Registro nro. 4919)

Detalles MARC
000 -CABECERA
Campo de control 00695nam a2200241 a 4500
005 - FECHA Y HORA DE LA ULTIMA TRANSACCION
Campo de control 20200104041554.0
008 - ELEMENTOS DE LONGITUD FIJA—INFORMACION GENERAL
Campo de control 140317b2002 cr ||||| |||| 00| 0 spa d
020 ## - ISBN
ISBN 9977573859
040 ## - FUENTE DE CATALOGACIÓN
Agencia catalogadora original CO-BoIAVH
Agencia transcriptora CO-BoIAVH
041 ## - IDIOMA
Código de idioma para texto/pista de sonido o título separado Español
044 ## - PAÍS DE PUBLICACIÓN
País de publicación Costa Rica
082 ## - NUMERO DE CLASIFICACION DECIMAL DEWEY
Número de clasificación 338.16
Número del ítem S82a
100 1# - ASIENTO PRINCIPAL--NOMBRE PERSONAL
Nombre personal Gliessman, Stephen R.
245 1# - MENCION DE TITULO
Título Agroecología
Parte restante del título procesos ecológicos en agricultura sostenible
260 ## - PUBLICACION, DISTRIBUCION, ETC. (PIE DE IMPRENTA)
Lugar de publicación, distribución, etc. Turrialba
Nombre del editor, distribuidor, etc. CATIE
Fecha de publicación, distribución, etc. 2002
300 ## - DESCRIPCION FISICA
Extensión 359 paginas
650 14 - ASIENTO SECUNDARIO DE MATERIA - TERMINO TEMATICO
Término temático o nombre geográfico como elemento de entrada Agricultura sostenible
650 14 - ASIENTO SECUNDARIO DE MATERIA - TERMINO TEMATICO
Término temático o nombre geográfico como elemento de entrada Factores bioticos
650 14 - ASIENTO SECUNDARIO DE MATERIA - TERMINO TEMATICO
Término temático o nombre geográfico como elemento de entrada Precipitación
650 14 - ASIENTO SECUNDARIO DE MATERIA - TERMINO TEMATICO
Término temático o nombre geográfico como elemento de entrada Recursos genéticos en agroecosistemas
942 ## - ELEMENTOS ADICIONALES (KOHA)
Tipo de ítem Libro
Sistema de clasificación Dewey Decimal Classification
945 ## - PROCESAMIENTO LOCAL
AAAA-MM-DD - Fecha de ingreso o modificacion 2005-12-02
Existencias
Withdrawn status Lost status Sistema de Clasificación Damaged status No para préstamo Colección Inventariado Ubicación Permanente Ubicación actual Fecha de adquisición Fuente de Valor Valor Total Checkouts Número topográfico Inventario / Código de Barras Date last seen Ejemplar Price effective from Forma de adquisición Tipo de material
    Dewey Decimal Classification     General Inventariado 2017 Bogotá Bogotá 02/12/2005 Amazon 60000.00   LB-338.16 S82a 022500 04/12/2012 Ej. 1 04/12/2012 Compra Libro